000
00412nam a2200145Ia 4500
008
100204s9999 xx 000 0 und d
082
_b
5992
100
_a
काळे विजया
245
_a
शतरंज
260
_b
"डिंंंंप्ंाल पब्लिकेशन, वसई"
_c
1984
300
_a
142
630
_a
शतरंज
730
_a
शतरंज
942
_c
BOOK
999
_c
450499
_d
450496